00543nam a2200193 a 4500001001300000003000900013005001700022008004100039020001000080082001700090100001600107245007800123260005300201300000900254500003500263505001000298650002500308700001600333nice12345678IN_TiNIC20260116011546.0050524s1847 lona grp 000 0 eng  ac10000a907.202bCAR aCary, Henry aHerodotusb Literally Transladted from the Text of Behr With Geogrophical aLondon-New YorkbGeorge Routledge and Sonsc1847 a512p aincludes index and biblioraphy2 aIndex aHistorians-Herodotus1 aCary, Henry